Morza na literę K - Statystyki

Ogólne statystyki
  • Ten quiz został rozwiązany 75 razy
  • Średni wynik to 4 z 8
Statystyki odpowiedzi
Kontynent/Kontynenty Odpowiedź % Poprawnych
Ameryka Południowa, Ameryka Północna Karaibskie
88%
Australia i Oceania Koralowe
84%
Azja Karskie
48%
Europa Kreteńskie
45%
Antarktyda Kosmonautów
32%
Antarktyda Króla Haakona VII
22%
Oceania i Oceania Koro
20%
Ameryka Północna Księcia Gustawa Adolfa
20%
Nie znaleziono quizów pasujących do podanych kryteriów
Rozkład punktacji
Procent ludzi z każdym wynikiem
Percentyl według liczby udzielonych odpowiedzi
Twoja historia wyników
Nie rozwiązałeś tego quizu